| 000 | 00520nam a2200157Ia 4500 | ||
|---|---|---|---|
| 008 | 140925s9999 xx 000 0 und d | ||
| 245 |
_aJournal of biology of exercise / _h[electronic resource] |
||
| 260 |
_bJournal of Biology of Exercise, _cc2014. |
||
| 516 | _aElectronic text | ||
| 650 | _aBiology. | ||
| 650 | _aJournal. | ||
| 650 | _aSports and Recreation. | ||
| 830 | _a Journal of Biology of Exercise | ||
| 856 | _uhttp://www.biologyofexercise.com/index.php/issues-archive/26-volume-9-2-2013 | ||
| 942 | _cEJ | ||
| 999 |
_c275851 _d275851 |
||